[Event "IBCA EU-chT blind 03rd"]
[Site "Genova"]
[Date "2023.04.22"]
[Round "3.4"]
[White "Yatsishin, Ivan"]
[Black "Clemente Llamero, Roberto"]
[Result "0-1"]
[WhiteElo "2049"]
[BlackElo "1960"]
[PlyCount "142"]
[EventDate "2023.04.20"]
[EventType "team-swiss"]
[EventRounds "9"]
[EventCountry "ITA"]
[SourceTitle "CBM 213 Extra"]
[Source "ChessBase"]
[SourceDate "2023.05.31"]
[SourceVersion "1"]
[SourceVersionDate "2023.05.31"]
[SourceQuality "1"]
[WhiteTeam "Ukraine"]
[BlackTeam "Spain"]
[WhiteTeamCountry "UKR"]
[BlackTeamCountry "ESP"]

1. e4 c5 2. Nf3 Nc6 3. d4 cxd4 4. Nxd4 e5 5. Nb5 d6 6. c4 Be6 7. N1c3 a6 8. Na3 Be7 9. Be2 Nf6 10. 0-0 0-0 11. Be3 Rc8 12. Rc1 Nd7 13. Nd5 Bg5 14. Nc2 Bxe3 15. fxe3 Bxd5 16. exd5 Ne7 17. e4 Nc5 18. Bg4 Ra8 19. Kh1 Nxe4 20. Qe2 f5 21. Bxf5 Ng3+ 22. hxg3 Nxf5 23. Qg4 Qf6 24. Kg1 Qh6 25. Rce1 g6 26. Rf2 Rae8 27. Ref1 Kh8 28. Re1 Qg7 29. b4 b6 30. Rf3 h5 31. Qe4 Nh6 32. a4 Rxf3 33. gxf3 Rf8 34. Kg2 Qf6 35. Ne3 Nf5 36. Nc2 Qg5 37. Re2 Nxg3 38. Qe3 Qxe3 39. Rxe3 Nf5 40. Re4 g5 41. c5 bxc5 42. bxc5 dxc5 43. Ne1 Re8 44. Nd3 Nd6 45. Rxe5 Rxe5 46. Nxe5 c4 47. Kf2 Kg7 48. Ke3 Kf6 49. Nd7+ Kf5 50. a5 h4 51. Nc5 h3 52. Kf2 c3 53. Nd3 Nc4 54. Kg3 Nxa5 55. Kxh3 Nb3 56. d6 Ke6 57. Kg4 Kxd6 58. Nb4 a5 59. Nc2 a4 60. Kxg5 Kd5 61. Kf4 Kc4 62. Ke3 Nc5 63. Ke2 Kb3 64. Kd1 Kb2 65. f4 Ne4 66. f5 a3 67. Ne3 a2 68. Nc2 Nf2+ 69. Ke2 Kxc2 70. f6 a1Q 71. f7 Qa8 0-1

[Event "Benidorm op-A"]
[Site "Benidorm"]
[Date "2022.12.05"]
[Round "3"]
[White "Clemente Llamero, Roberto"]
[Black "Minana Menor, Antonio"]
[Result "1-0"]
[WhiteElo "1953"]
[BlackElo "2102"]
[PlyCount "81"]
[EventDate "2022.12.03"]
[EventType "swiss"]
[EventRounds "9"]
[EventCountry "ESP"]
[SourceTitle "CBM 211 Extra"]
[Source "ChessBase"]
[SourceDate "2023.01.31"]
[SourceVersion "1"]
[SourceVersionDate "2023.01.31"]
[SourceQuality "1"]

1. e4 c5 2. Nf3 d6 3. d4 cxd4 4. Nxd4 Nf6 5. Nc3 g6 6. Be3 Bg7 7. f3 0-0 8. Qd2 Nc6 9. Bc4 Bd7 10. 0-0-0 Rc8 11. Bb3 Nxd4 12. Bxd4 b5 13. Nd5 Nxd5 14. Bxg7 Kxg7 15. exd5 a5 16. a3 Qb6 17. Rhe1 h5 18. h3 a4 19. Ba2 Bf5 20. c3 h4 21. Qd4+ Qxd4 22. Rxd4 Rh8 23. Rxe7 Rc5 24. Kd2 Rh5 25. Ke1 Bc8 26. Kf2 Kf6 27. Ra7 Bf5 28. Rd2 Bc8 29. Re2 Rf5 30. Ree7 Kg7 31. Rec7 Rf6 32. Rxc5 dxc5 33. Rc7 Bf5 34. Rxc5 Rb6 35. Ke3 Bd7 36. Rc7 Rd6 37. Kd4 Kf6 38. Kc5 Ke7 39. Bb1 Rf6 40. Bd3 Kd8 41. Ra7 1-0

[Event "ESP-ch FEDC 28th"]
[Site "Ubeda"]
[Date "2019.11.24"]
[Round "6"]
[White "Clemente Llamero, Roberto"]
[Black "Draghici Flutur, Gavril"]
[Result "0-1"]
[WhiteElo "2093"]
[BlackElo "2110"]
[PlyCount "72"]
[EventDate "2019.11.19"]
[EventType "swiss"]
[EventRounds "8"]
[EventCountry "ESP"]
[SourceTitle "EXT 2024"]
[Source "ChessBase"]
[SourceDate "2023.10.10"]
[SourceVersion "1"]
[SourceVersionDate "2023.10.10"]
[SourceQuality "1"]

1. d4 Nf6 2. Nf3 e6 3. c4 b6 4. g3 Bb7 5. Bg2 c5 6. d5 exd5 7. Nh4 g6 8. Nc3 Bg7 9. 0-0 0-0 10. cxd5 d6 11. Re1 a6 12. a4 Re8 13. e4 Qd7 14. Nf3 b5 15. axb5 axb5 16. Rxa8 Bxa8 17. e5 dxe5 18. Nxe5 Qb7 19. Nc6 Rxe1+ 20. Qxe1 b4 21. Ne4 Nxd5 22. Nxb8 Qxb8 23. Nxc5 Qc8 24. Nd3 h5 25. Bd2 b3 26. Qc1 Qf5 27. Nc5 Bd4 28. Be1 Qc2 29. Nxb3 Qxb3 30. Qc8+ Kg7 31. Qxa8 Qd1 32. Kf1 Qd3+ 33. Kg1 Qb1 34. Qa5 Nc3 35. Kf1 Qd3+ 36. Kg1 Qd1 0-1

[Event "IBCA Wch blind 14th"]
[Site "Cagliari"]
[Date "2019.04.12"]
[Round "7"]
[White "Magnusson, Jorgen"]
[Black "Clemente Llamero, Roberto"]
[Result "1-0"]
[WhiteElo "2301"]
[BlackElo "2117"]
[PlyCount "71"]
[EventDate "2019.04.06"]
[EventType "swiss"]
[EventRounds "9"]
[EventCountry "ITA"]
[SourceTitle "CBM 189 Extra"]
[Source "ChessBase"]
[SourceDate "2019.06.03"]
[SourceVersion "1"]
[SourceVersionDate "2019.06.03"]
[SourceQuality "1"]

1. c4 e5 2. g3 d6 3. Nc3 f5 4. Bg2 Nf6 5. e3 Be7 6. Nge2 0-0 7. 0-0 c6 8. d4 Na6 9. e4 exd4 10. Nxd4 fxe4 11. Nxe4 Nc5 12. Nc3 a5 13. Re1 Bg4 14. f3 Bd7 15. g4 Ne8 16. Be3 Bg5 17. Qd2 Bxe3+ 18. Qxe3 Qf6 19. Rad1 Nc7 20. Qd2 Rad8 21. Nb3 Be6 22. Nxc5 dxc5 23. Ne4 Qd4+ 24. Qxd4 cxd4 25. b3 Bc8 26. c5 Ne6 27. Bf1 Kh8 28. Bc4 h6 29. Bxe6 Bxe6 30. Nd6 Bd5 31. Rxd4 Bxf3 32. Nf7+ Rxf7 33. Rxd8+ Kh7 34. Rf1 Rf4 35. h3 h5 36. gxh5 1-0

[Event "IBCA Wch blind 14th"]
[Site "Cagliari"]
[Date "2019.04.10"]
[Round "5"]
[White "Clemente Llamero, Roberto"]
[Black "Znuderl, Matej"]
[Result "1-0"]
[WhiteElo "2117"]
[BlackElo "1918"]
[PlyCount "71"]
[EventDate "2019.04.06"]
[EventType "swiss"]
[EventRounds "9"]
[EventCountry "ITA"]
[SourceTitle "CBM 189 Extra"]
[Source "ChessBase"]
[SourceDate "2019.06.03"]
[SourceVersion "1"]
[SourceVersionDate "2019.06.03"]
[SourceQuality "1"]

1. e4 c5 2. Nf3 d6 3. d4 cxd4 4. Nxd4 Nf6 5. Nc3 a6 6. Be3 g6 7. f3 Bg7 8. Qd2 Nc6 9. 0-0-0 0-0 10. g4 Nd7 11. h4 Nde5 12. Be2 Bd7 13. h5 b5 14. Nxc6 Bxc6 15. Bh6 b4 16. Bxg7 Kxg7 17. hxg6 hxg6 18. Qh6+ Kf6 19. Nd5+ Ke6 20. f4 Rh8 21. Qxh8 Qxh8 22. Rxh8 Rxh8 23. fxe5 Kxe5 24. Nxe7 Bxe4 25. Re1 Kf4 26. Rf1+ Ke3 27. Bd1 Rf8 28. Rf6 a5 29. Rxd6 g5 30. Nc6 Kf4 31. Nxa5 f5 32. gxf5 Rxf5 33. Nc4 Bd5 34. b3 g4 35. Bxg4 Kxg4 36. Ne3+ 1-0

[Event "ESP-ch FEDC 27th"]
[Site "Almunecar"]
[Date "2018.11.30"]
[Round "5"]
[White "Saez Gabikagogeaskoa, Oscar"]
[Black "Clemente Llamero, Roberto"]
[Result "0-1"]
[WhiteElo "1995"]
[BlackElo "2063"]
[PlyCount "112"]
[EventDate "2018.11.26"]
[EventType "swiss"]
[EventRounds "8"]
[EventCountry "ESP"]
[SourceTitle "EXT 2024"]
[Source "ChessBase"]
[SourceDate "2023.10.10"]
[SourceVersion "1"]
[SourceVersionDate "2023.10.10"]
[SourceQuality "1"]

1. e4 d6 2. d4 Nf6 3. Nc3 e5 4. Nf3 Nbd7 5. a4 Be7 6. a5 0-0 7. Bc4 c6 8. 0-0 Qc7 9. Bb3 exd4 10. Qxd4 Ng4 11. h3 Bf6 12. Qc4 Nge5 13. Nxe5 Bxe5 14. Be3 Nf6 15. f3 Be6 16. Qb4 Bxb3 17. Qxb3 Rfe8 18. Qc4 d5 19. Qc5 Bxc3 20. bxc3 dxe4 21. c4 exf3 22. Rxf3 Ne4 23. Qf5 f6 24. a6 b6 25. Rd1 Rad8 26. Rxd8 Qxd8 27. Kh2 Qe7 28. Bf4 Qe6 29. Qxe6+ Rxe6 30. Bb8 Re7 31. Rd3 Nc5 32. Rd8+ Kf7 33. Bd6 Re8 34. Rb8 Rxb8 35. Bxb8 Nxa6 36. Bxa7 b5 37. cxb5 cxb5 38. c3 Ke6 39. Kg3 Kd5 40. Bb6 Kc4 41. Ba5 Nc5 42. Kf4 Na4 43. Bb4 Nxc3 44. Bf8 g6 45. g4 b4 46. h4 b3 47. Ba3 Kd3 48. h5 Nb5 49. hxg6 hxg6 50. Bb2 Kc2 51. Ba1 b2 52. Bxb2 Kxb2 53. Ke4 Nc3+ 54. Kf4 Kc2 55. g5 f5 56. Ke5 Ne4 0-1

[Event "Trevias op 24th"]
[Site "Trevias"]
[Date "2018.09.23"]
[Round "7"]
[White "Alvarez Perez, Adan"]
[Black "Clemente Llamero, Roberto"]
[Result "1-0"]
[WhiteElo "1950"]
[BlackElo "2086"]
[PlyCount "88"]
[EventDate "2018.09.17"]
[EventType "swiss"]
[EventRounds "7"]
[EventCountry "ESP"]
[SourceTitle "CBM 186 Extra"]
[Source "ChessBase"]
[SourceDate "2018.08.24"]
[SourceVersion "1"]
[SourceVersionDate "2018.08.24"]
[SourceQuality "1"]

1. d4 Nf6 2. Bg5 e6 3. e3 c5 4. c3 b6 5. f4 Bb7 6. Nf3 Be7 7. Bd3 cxd4 8. exd4 Nd5 9. Qd2 f6 10. Bh4 Qc7 11. f5 Nf4 12. fxe6 Nxd3+ 13. Qxd3 dxe6 14. Bg3 Qc6 15. c4 Nd7 16. 0-0 0-0 17. Re1 Bb4 18. Re2 Rac8 19. b3 Rfe8 20. a3 Bd6 21. Nc3 Bxg3 22. hxg3 Qd6 23. Kh2 e5 24. Nb5 Qb8 25. d5 a6 26. Nc3 Qd6 27. Ne4 Qf8 28. g4 Red8 29. Qe3 Nc5 30. Ng3 b5 31. Rf1 bxc4 32. bxc4 Qd6 33. Nf5 Qc7 34. d6 Rxd6 35. Nxd6 Qxd6 36. Rd2 Qc7 37. Nh4 Ne6 38. Nf5 Bc6 39. Rfd1 Ba4 40. Rc1 g6 41. Nd6 Rd8 42. Ne4 Rf8 43. Rd6 Qe7 44. Qb6 Bd7 1-0

[Event "Trevias op 24th"]
[Site "Trevias"]
[Date "2018.09.21"]
[Round "5"]
[White "Acebal Muniz, Antonio"]
[Black "Clemente Llamero, Roberto"]
[Result "1-0"]
[WhiteElo "2105"]
[BlackElo "2086"]
[PlyCount "161"]
[EventDate "2018.09.17"]
[EventType "swiss"]
[EventRounds "7"]
[EventCountry "ESP"]
[SourceTitle "CBM 186 Extra"]
[Source "ChessBase"]
[SourceDate "2018.08.24"]
[SourceVersion "1"]
[SourceVersionDate "2018.08.24"]
[SourceQuality "1"]

1. Nf3 d5 2. d4 Nf6 3. c4 c6 4. Nc3 g6 5. cxd5 cxd5 6. Bf4 Bg7 7. e3 0-0 8. Bd3 Nc6 9. 0-0 b6 10. Ne5 Bb7 11. Qa4 Nxe5 12. Bxe5 a6 13. Rfc1 Ne8 14. Bxg7 Kxg7 15. Qb3 Nf6 16. Na4 Nd7 17. Rc2 e6 18. Rac1 Rc8 19. Rxc8 Bxc8 20. Qb4 b5 21. Nc5 Nxc5 22. Rxc5 Bd7 23. Qc3 Qb8 24. Qa5 Qd6 25. Qc7 Qxc7 26. Rxc7 Rd8 27. Kf1 Be8 28. Ke2 Rd6 29. Kd2 Rb6 30. Kc3 b4+ 31. Kd2 a5 32. Ra7 a4 33. Bc2 b3 34. axb3 axb3 35. Bd1 Bb5 36. Ra3 Bc4 37. g3 h5 38. Kc3 Rc6 39. Bxb3 Bf1+ 40. Kd2 Rb6 41. h4 Kf6 42. Kc1 g5 43. Bd1 gxh4 44. gxh4 Rb8 45. Ra7 Kg6 46. Bc2+ Kf6 47. Bd1 Kg6 48. Rc7 Bc4 49. Ra7 Bf1 50. Kc2 Rc8+ 51. Kd2 Rb8 52. b3 Bh3 53. Rc7 Ra8 54. b4 Bf5 55. Bb3 Ra1 56. Rc1 Ra3 57. Kc3 Bd3 58. Kb2 Ra8 59. Rg1+ Kf6 60. Kc3 Be2 61. Kd2 Bg4 62. Rb1 Ke7 63. b5 Kd6 64. Rc1 Bf5 65. Rc6+ Kd7 66. Ra6 Rb8 67. Ba4 Kc7 68. Kc3 Kb7 69. Kb4 Rg8 70. Kc5 Rg1 71. Rb6+ Kc7 72. Rc6+ Kb7 73. b6 Rc1+ 74. Kd6 Rh1 75. Rc7+ Kxb6 76. Rxf7 Rxh4 77. Bd7 Re4 78. Rf8 h4 79. Bc6 h3 80. Rb8+ Ka7 81. Kc7 1-0

[Event "ESP-ch FEDC 26th"]
[Site "Ciudad Real"]
[Date "2017.11.19"]
[Round "8.3"]
[White "Clemente Llamero, Roberto"]
[Black "Zanoletty Garcia, David"]
[Result "1-0"]
[WhiteElo "2133"]
[BlackElo "1987"]
[PlyCount "99"]
[EventDate "2017.11.12"]
[EventType "swiss"]
[EventRounds "8"]
[EventCountry "ESP"]
[SourceTitle "EXT 2024"]
[Source "ChessBase"]
[SourceDate "2023.10.10"]
[SourceVersion "1"]
[SourceVersionDate "2023.10.10"]
[SourceQuality "1"]

1. e4 e6 2. d4 d5 3. Nd2 dxe4 4. Nxe4 Nf6 5. Nxf6+ gxf6 6. Be3 Nc6 7. Ne2 Qd7 8. Nf4 Rg8 9. c3 Bd6 10. Qf3 Qe7 11. Nh5 Rg6 12. Bd3 f5 13. g3 Bd7 14. 0-0-0 0-0-0 15. Rhe1 Kb8 16. Kb1 Qf8 17. Bc1 Ne7 18. Nf4 Rg4 19. Qe2 Ba4 20. b3 Bc6 21. f3 Rg8 22. Bc2 a6 23. Nd3 Nd5 24. Bd2 b6 25. Ne5 Bb7 26. Nc4 Be7 27. Kb2 a5 28. a4 Ba6 29. Bd3 Bb7 30. Ne5 Bg5 31. Bb5 Ka8 32. Ba6 Qe8 33. Bxb7+ Kxb7 34. Qc4 Rd6 35. Qe2 h5 36. f4 Bf6 37. Qxh5 Bxe5 38. dxe5 Rc6 39. c4 Rh8 40. Qe2 Ne7 41. Be3 Ng6 42. Rd3 Qe7 43. Red1 Qb4 44. Qd2 Rxc4 45. Qg2+ Re4 46. Rd4 Qc5 47. Rc1 Qe7 48. Rxe4 Rxh2 49. Qxh2 fxe4 50. Qg2 1-0

[Event "ESP-ch FEDC 26th"]
[Site "Ciudad Real"]
[Date "2017.11.15"]
[Round "4.1"]
[White "Clemente Llamero, Roberto"]
[Black "Palacios Perez, Manuel"]
[Result "0-1"]
[WhiteElo "2133"]
[BlackElo "2202"]
[PlyCount "79"]
[EventDate "2017.11.12"]
[EventType "swiss"]
[EventRounds "8"]
[EventCountry "ESP"]
[SourceTitle "EXT 2024"]
[Source "ChessBase"]
[SourceDate "2023.10.10"]
[SourceVersion "1"]
[SourceVersionDate "2023.10.10"]
[SourceQuality "1"]

1. e4 c5 2. Nf3 d6 3. Bb5+ Bd7 4. Bxd7+ Qxd7 5. c4 e5 6. d3 Nc6 7. Nc3 Be7 8. 0-0 Bd8 9. Ne1 Ba5 10. Bd2 Nge7 11. Nc2 0-0 12. a3 Bxc3 13. Bxc3 f5 14. exf5 Qxf5 15. Ne3 Qg6 16. Qg4 Qxg4 17. Nxg4 h5 18. Ne3 Nd4 19. Rae1 Rae8 20. f3 Ne6 21. Nd1 Nf5 22. Nf2 h4 23. Re4 Nf4 24. Rfe1 Rb8 25. b4 b6 26. Rb1 Kf7 27. Ree1 Rfe8 28. Kf1 Rh8 29. Bd2 g5 30. Rb2 Rbc8 31. bxc5 Rxc5 32. Reb1 Rd8 33. Ne4 Nxd3 34. Rb3 Nf4 35. Nxc5 dxc5 36. Bxf4 gxf4 37. a4 Ne3+ 38. Kg1 Nxc4 39. Rc1 Rd4 40. Rbc3 0-1

[Event "Trevias op 23rd"]
[Site "Trevias"]
[Date "2017.09.23"]
[Round "6"]
[White "Clemente Llamero, Roberto"]
[Black "Fernandez Diez, Antonio Maria"]
[Result "0-1"]
[WhiteElo "2133"]
[BlackElo "1916"]
[PlyCount "128"]
[EventDate "2017.09.18"]
[EventType "swiss"]
[EventRounds "7"]
[EventCountry "ESP"]
[SourceTitle "EXT 2018"]
[Source "ChessBase"]
[SourceDate "2017.10.13"]
[SourceVersion "1"]
[SourceVersionDate "2017.10.13"]
[SourceQuality "1"]

1. e4 e5 2. Nf3 Nf6 3. Nc3 Nc6 4. h3 Bc5 5. Nxe5 0-0 6. Nxc6 bxc6 7. Be2 Re8 8. d3 d5 9. 0-0 dxe4 10. Nxe4 Nxe4 11. dxe4 Qh4 12. Qd3 Be6 13. Qf3 Rab8 14. b3 Bd4 15. Rb1 Bd7 16. Bc4 Be6 17. Bd3 Bd7 18. Qf4 Qh5 19. Qg5 Re5 20. Qxh5 Rxh5 21. Bf4 Bb6 22. Rbd1 Be6 23. Rfe1 f6 24. Be3 Ba5 25. Re2 c5 26. c4 Bc3 27. Bc2 a5 28. f4 Re8 29. Kf2 Bb4 30. f5 Bc8 31. g4 Rxh3 32. Kg2 Rh4 33. Kg3 g5 34. Bc1 Bc3 35. Rg2 Bb7 36. Be3 Bxe4 37. Bxe4 Rxe4 38. Kf3 Re5 39. Rd3 Bb4 40. Bf2 Rh1 41. Bg3 Rh3 42. Rg1 Be1 43. Rd1 Bxg3 44. Rxg3 Rh2 45. a4 h5 46. gxh5 Rxf5+ 47. Ke3 Re5+ 48. Kd3 Rxh5 49. Kc3 Rh2 50. Rd8+ Kf7 51. Rd7+ Re7 52. Rd5 Re5 53. Rd7+ Kg6 54. Rxc7 f5 55. Rc6+ Kf7 56. Rc7+ Ke6 57. Rc6+ Kd7 58. Rg6 g4 59. Rd3+ Ke7 60. Rg7+ Kf6 61. Rg8 Rh3 62. Rxh3 gxh3 63. Kd2 f4 64. Ra8 Rh5 0-1

[Event "IBCA-ol blind 15th"]
[Site "Ohrid"]
[Date "2017.06.28"]
[Round "9.2"]
[White "Clemente Llamero, Roberto"]
[Black "Barreto Bastidas, Jose Angel"]
[Result "1-0"]
[WhiteElo "2157"]
[BlackElo "2015"]
[PlyCount "99"]
[EventDate "2017.06.19"]
[EventType "team-swiss"]
[EventRounds "9"]
[EventCountry "MKD"]
[SourceTitle "CBM 179 Extra"]
[Source "ChessBase"]
[SourceDate "2017.08.23"]
[SourceVersion "1"]
[SourceVersionDate "2017.08.23"]
[SourceQuality "1"]
[WhiteTeam "Spain"]
[BlackTeam "Venezuela"]
[WhiteTeamCountry "ESP"]
[BlackTeamCountry "VEN"]

1. e4 c5 2. Nf3 Nc6 3. Bb5 g6 4. Bxc6 dxc6 5. d3 Bg7 6. h3 e5 7. Be3 Qe7 8. 0-0 Nf6 9. Qd2 h6 10. a3 a5 11. Qc3 Nd7 12. a4 b6 13. Nbd2 Ba6 14. Nc4 Rb8 15. Qd2 g5 16. Rfe1 Bf6 17. Nh2 h5 18. Nf1 g4 19. Ng3 Qe6 20. Nf5 Bxc4 21. dxc4 Kd8 22. hxg4 hxg4 23. Rad1 Kc7 24. Qe2 Rbg8 25. Rd6 Qxd6 26. Nxd6 Kxd6 27. Rd1+ Kc7 28. g3 Be7 29. Kg2 Nf6 30. Bd2 Rg6 31. Rh1 Rd8 32. c3 Kd6 33. Rh6 Ke6 34. Rxg6 fxg6 35. Bg5 Rf8 36. Bxf6 Rxf6 37. Qxg4+ Kd6 38. Qc8 Rf8 39. Qg4 Rf6 40. Qc8 Rf8 41. Qh3 Rf6 42. Qh7 g5 43. Qh5 Kd7 44. Kf1 Kd6 45. Ke2 Kd7 46. Qh8 Bd8 47. Qg8 Be7 48. Qb8 Bd8 49. Qxe5 Re6 50. Qf5 1-0

[Event "IBCA-ol blind 15th"]
[Site "Ohrid"]
[Date "2017.06.22"]
[Round "4.2"]
[White "Gelman, Gennadiy"]
[Black "Clemente Llamero, Roberto"]
[Result "1-0"]
[WhiteElo "1694"]
[BlackElo "2157"]
[PlyCount "123"]
[EventDate "2017.06.19"]
[EventType "team-swiss"]
[EventRounds "9"]
[EventCountry "MKD"]
[SourceTitle "CBM 179 Extra"]
[Source "ChessBase"]
[SourceDate "2017.08.23"]
[SourceVersion "1"]
[SourceVersionDate "2017.08.23"]
[SourceQuality "1"]
[WhiteTeam "Azerbaijan"]
[BlackTeam "Spain"]
[WhiteTeamCountry "AZE"]
[BlackTeamCountry "ESP"]

1. b3 e5 2. Bb2 Nc6 3. e3 Nf6 4. c4 d5 5. cxd5 Nxd5 6. Nc3 Ndb4 7. Qb1 Be6 8. a3 Nd5 9. Nf3 Nxc3 10. Bxc3 Bd6 11. b4 f6 12. Bb5 Qe7 13. 0-0 0-0 14. Qc2 Bd7 15. Bc4+ Kh8 16. b5 Nd8 17. a4 c5 18. Rfe1 e4 19. Nh4 f5 20. g3 Nf7 21. f4 Nh6 22. h3 Rad8 23. Rad1 Be6 24. Bf1 Qf7 25. Rb1 Be7 26. Ng2 Ng8 27. d3 Bc8 28. Red1 Nf6 29. d4 b6 30. Be2 Be6 31. Kf2 Nd5 32. g4 Nxc3 33. Qxc3 cxd4 34. exd4 Rc8 35. Qe3 Rc7 36. Rbc1 Rfc8 37. Rxc7 Rxc7 38. Rc1 Bd8 39. g5 Qd7 40. Rxc7 Bxc7 41. Qc3 Bd6 42. Kg3 Bb8 43. h4 Qd8 44. Qb4 Bd6 45. Qc3 Qc8 46. Qxc8+ Bxc8 47. Bc4 g6 48. Ne3 Kg7 49. Nd5 Ba3 50. Ne3 h6 51. Kf2 hxg5 52. hxg5 Kf8 53. Ng2 Ke7 54. Nh4 Kd6 55. Nxg6 Bc1 56. Bf7 a6 57. Bc4 axb5 58. axb5 Bd7 59. Ke2 Bc8 60. Ne5 Bxf4 61. g6 Ke7 62. g7 1-0

[Event "IBCA-ol blind 15th"]
[Site "Ohrid"]
[Date "2017.06.21"]
[Round "3.2"]
[White "Patev, Petko"]
[Black "Clemente Llamero, Roberto"]
[Result "0-1"]
[WhiteElo "1874"]
[BlackElo "2157"]
[PlyCount "62"]
[EventDate "2017.06.19"]
[EventType "team-swiss"]
[EventRounds "9"]
[EventCountry "MKD"]
[SourceTitle "CBM 179 Extra"]
[Source "ChessBase"]
[SourceDate "2017.08.23"]
[SourceVersion "1"]
[SourceVersionDate "2017.08.23"]
[SourceQuality "1"]
[WhiteTeam "Bulgaria"]
[BlackTeam "Spain"]
[WhiteTeamCountry "BUL"]
[BlackTeamCountry "ESP"]

1. e4 c5 2. Nc3 d6 3. f4 g6 4. Nf3 Bg7 5. g3 Nc6 6. Bg2 e6 7. 0-0 Nge7 8. d3 0-0 9. Ne2 Rb8 10. g4 b5 11. Ng3 Nd4 12. Nh4 b4 13. f5 Nec6 14. g5 Re8 15. f6 Bf8 16. c3 bxc3 17. bxc3 Nb5 18. Bd2 Ne5 19. c4 Nd4 20. Bc3 Bd7 21. Nf3 Nexf3+ 22. Bxf3 Nxf3+ 23. Qxf3 Bc6 24. Qe2 d5 25. e5 Qd7 26. h4 Red8 27. Rad1 dxc4 28. dxc4 Qb7 29. Ba5 Rxd1 30. Qxd1 Qb2 31. Qe2 Qd4+ 0-1

[Event "IBCA-ol blind 15th"]
[Site "Ohrid"]
[Date "2017.06.20"]
[Round "2.2"]
[White "Clemente Llamero, Roberto"]
[Black "Pakhomov, Alexey"]
[Result "1/2-1/2"]
[WhiteElo "2157"]
[BlackElo "2350"]
[PlyCount "98"]
[EventDate "2017.06.19"]
[EventType "team-swiss"]
[EventRounds "9"]
[EventCountry "MKD"]
[SourceTitle "CBM 179 Extra"]
[Source "ChessBase"]
[SourceDate "2017.08.23"]
[SourceVersion "1"]
[SourceVersionDate "2017.08.23"]
[SourceQuality "1"]
[WhiteTeam "Spain"]
[BlackTeam "Russia"]
[WhiteTeamCountry "ESP"]
[BlackTeamCountry "RUS"]

1. e4 Nf6 2. e5 Nd5 3. d4 d6 4. c4 Nb6 5. exd6 exd6 6. Nc3 Be7 7. Bd3 Nc6 8. Nge2 0-0 9. 0-0 Bf6 10. b3 Bg4 11. Be3 Bh5 12. Qd2 Re8 13. Rae1 Bg6 14. Bxg6 hxg6 15. d5 Ne7 16. Nd4 Qd7 17. f3 Nf5 18. Nxf5 gxf5 19. Bf2 Rad8 20. Nb5 a6 21. Nd4 Nc8 22. Qd3 g6 23. h4 Rxe1 24. Rxe1 Re8 25. Rxe8+ Qxe8 26. h5 c5 27. dxc6 bxc6 28. hxg6 fxg6 29. Ne2 a5 30. Kf1 Kf7 31. Bd4 Qh8 32. Bxf6 Qxf6 33. Qd4 Ne7 34. Kf2 Qxd4+ 35. Nxd4 g5 36. g3 f4 37. gxf4 gxf4 38. Ne2 Ng6 39. Nd4 Ne7 40. Ke2 Kf6 41. Kd3 Ke5 42. a3 c5 43. Nc2 Nc6 44. Kc3 Kf5 45. Kd3 Ne5+ 46. Ke2 Nc6 47. Kd3 Ne5+ 48. Ke2 Nc6 49. Kd3 Ne5+ 1/2-1/2

[Event "IBCA-ol blind 15th"]
[Site "Ohrid"]
[Date "2017.06.19"]
[Round "1.2"]
[White "Clemente Llamero, Roberto"]
[Black "Badano, Giancarlo"]
[Result "1/2-1/2"]
[WhiteElo "2157"]
[BlackElo "1857"]
[PlyCount "78"]
[EventDate "2017.06.19"]
[EventType "team-swiss"]
[EventRounds "9"]
[EventCountry "MKD"]
[SourceTitle "CBM 179 Extra"]
[Source "ChessBase"]
[SourceDate "2017.08.23"]
[SourceVersion "1"]
[SourceVersionDate "2017.08.23"]
[SourceQuality "1"]
[WhiteTeam "Spain"]
[BlackTeam "Italy"]
[WhiteTeamCountry "ESP"]
[BlackTeamCountry "ITA"]

1. e4 e6 2. d3 d5 3. Nd2 Nf6 4. Ngf3 c5 5. g3 Nc6 6. Bg2 Be7 7. 0-0 0-0 8. Re1 Qc7 9. Qe2 b5 10. e5 Nd7 11. Nf1 Nd4 12. Nxd4 cxd4 13. h4 Bb7 14. Bf4 Rfc8 15. Rec1 a5 16. Nh2 a4 17. c3 dxc3 18. Rxc3 Qa5 19. Rxc8+ Rxc8 20. Nf3 b4 21. Bf1 Ba6 22. Qd2 Qc7 23. Rc1 Qxc1 24. Qxc1 Rxc1 25. Bxc1 Kf8 26. d4 Bc4 27. Bxc4 dxc4 28. Kf1 Nb6 29. Ke2 Nd5 30. Bd2 b3 31. axb3 cxb3 32. Bc1 Nb4 33. Nd2 Na2 34. Kd1 Bb4 35. Nf3 Ba5 36. Bd2 Bb6 37. Be3 Ba5 38. Bd2 Bb6 39. Be3 Ba5 1/2-1/2

[Event "Madrid FEDC-ch 25th"]
[Site "Madrid"]
[Date "2016.11.07"]
[Round "2"]
[White "Clemente Llamero, Roberto"]
[Black "Pimienta Sanchez, Manuel"]
[Result "1-0"]
[WhiteElo "2161"]
[BlackElo "1837"]
[PlyCount "65"]
[EventDate "2016.11.06"]
[EventType "swiss"]
[EventRounds "8"]
[EventCountry "ESP"]
[SourceTitle "CBM 175 Extra"]
[Source "ChessBase"]
[SourceDate "2016.12.12"]
[SourceVersion "1"]
[SourceVersionDate "2016.12.12"]
[SourceQuality "1"]

1. e4 d5 2. exd5 Nf6 3. Nf3 Nxd5 4. d4 Bf5 5. Be2 e6 6. 0-0 Be7 7. c4 Nf6 8. Nc3 c6 9. Bf4 Na6 10. a3 0-0 11. b4 Ne4 12. Qb3 g5 13. Be3 Nxc3 14. Qxc3 Nc7 15. Rfd1 Re8 16. Rac1 h6 17. Ne5 Bf6 18. f4 Kg7 19. Qe1 g4 20. Bxg4 Rg8 21. Bxf5 exf5 22. Qe2 Qe7 23. Qh5 Qe6 24. Rd3 b5 25. Bf2 Bxe5 26. dxe5 bxc4 27. Rd6 Qg6 28. Rxg6+ fxg6 29. Qh4 Nd5 30. Rxc4 Kh7 31. Bc5 Rg7 32. Qe1 g5 33. fxg5 1-0

[Event "IBCA EU-chT blind 01st"]
[Site "Warsaw"]
[Date "2016.08.01"]
[Round "9.2"]
[White "Todorov, Aleksandar"]
[Black "Clemente Llamero, Roberto"]
[Result "0-1"]
[WhiteElo "1951"]
[BlackElo "2162"]
[PlyCount "64"]
[EventDate "2016.07.24"]
[EventType "team-swiss"]
[EventRounds "9"]
[EventCountry "POL"]
[SourceTitle "CBM 173 Extra"]
[Source "ChessBase"]
[SourceDate "2016.08.29"]
[SourceVersion "1"]
[SourceVersionDate "2016.08.29"]
[SourceQuality "1"]
[WhiteTeam "Bulgaria"]
[BlackTeam "Spain"]
[WhiteTeamCountry "BUL"]
[BlackTeamCountry "ESP"]

1. e4 c6 2. d4 d5 3. exd5 cxd5 4. c4 Nf6 5. cxd5 g6 6. Nc3 Bg7 7. Bc4 0-0 8. Nf3 Nbd7 9. 0-0 Nb6 10. Bb3 Nbxd5 11. Re1 e6 12. Bg5 Nxc3 13. bxc3 b6 14. Ne5 Qc7 15. Bxf6 Bxf6 16. Qf3 Bxe5 17. Qxa8 Bxh2+ 18. Kh1 Bb7 19. Qxa7 Bxg2+ 20. Kxg2 Qxa7 21. Kxh2 Qc7+ 22. Kg2 Qxc3 23. Re3 Qc6+ 24. Kg3 Qd6+ 25. Kg2 Qf4 26. Rd3 Kg7 27. Rad1 Rd8 28. d5 exd5 29. Rxd5 Rxd5 30. Rxd5 h5 31. Rd3 Qe4+ 32. Rf3 g5 0-1